| 000 | 00492nam a22001817a 4500 | ||
|---|---|---|---|
| 999 |
_c2097 _d2097 |
||
| 003 | URS | ||
| 005 | 20220114142004.0 | ||
| 008 | 190515s2000 ph a|||| |||| 00| 0 eng d | ||
| 020 | _a9718589112 | ||
| 040 |
_cURS _beng _drda |
||
| 050 | 1 | 4 |
_aHE 5691 _b.F175 2000 |
| 100 | _aFajardo, Max B. | ||
| 245 | 1 | 0 |
_aSimplified mathematics of investment _cMax B. Fajardo Jr. |
| 260 | _c[2000] | ||
| 300 |
_a374 pages: _bwith illustrations; _c21 cm. |
||
| 650 | _aMathematics of Ivestment | ||
| 942 |
_2lcc _cF |
||